000 00461nam a2200181Ia 4500
008 131103s9999 xx 000 0 und d
020 _a0 86020 135 X
040 _aLoreto College
041 _aEnglish
082 _aREF
_bLCBED/10561
100 _aAmery, Heather
245 4 _aThe know how book of experiments
_cHeather Amery
260 _aLondon
_bUsborne
_c1977
300 _a32p.
_b pic.
_c 25cm.
650 _aREF
850 _aLCBED/REF
942 _cBK
999 _c34020
_d84499